[Event "XXXIX Benasque Open 2019"]
[Site "Benasque"]
[Date "2019.07.06"]
[Round "3.6"]
[White "Martinez Alcantara, Jose Eduardo"]
[Black "Martin Duque, Jesus"]
[Result "1/2-1/2"]
[WhiteElo "2601"]
[BlackElo "2331"]
[Annotator "RC"]
[PlyCount "94"]
[EventDate "2019.07.04"]
[EventType "swiss"]
[EventCountry "ESP"]
[SourceTitle "playchess.com"]
[Source "ChessBase"]
[SourceQuality "1"]
[TimeControl "5400+30"]

1. Nf3 {[%emt 0:00:00]} Nf6 {[%emt 0:00:14]} 2. c4 {[%emt 0:00:00]} e6 {[%emt 0:00:08]} 3. g3 {[%emt 0:00:13]} a6 {[%emt 0:00:05]} 4. Bg2 {[%emt 0:02:33]} b5 {[%emt 0:00:29]} 5. d3 {[%emt 0:05:11]} Bb7 {[%emt 0:01:10]} 6. O-O {[%emt 0:01:27]} bxc4 {[%emt 0:12:46]} 7. dxc4 {[%emt 0:00:06]} Be7 {[%emt 0:00:08]} 8. Qb3 {[%emt 0:04:36]} Qc8 {[%emt 0:00:41]} 9. Nc3 {[%emt 0:04:39]} O-O {[%emt 0:01:40]} 10. Qc2 {[%emt 0:00:17]} d6 {[%emt 0:02:56]} 11. e4 {[%emt 0:00:37]} Nbd7 {[%emt 0:01:49]} 12. Bf4 {[%emt 0:07:20]} Rb8 {[%emt 0:03:31]} 13. b3 {[%emt 0:03:07]} Ng4 {[%emt 0:03:34]} 14. h3 {[%emt 0:00:48]} Nge5 {[%emt 0:00:13]} 15. Nd4 {[%emt 0:00:23]} Bf6 {[%emt 0:07:05]} 16. Nde2 {[%emt 0:00:23]} Rd8 {[%emt 0:04:52]} 17. Rad1 {[%emt 0:01:27]} Nf8 {[%emt 0:01:30]} 18. Be3 {[%emt 0:02:32]} c5 {[%emt 0:02:15]} 19. f4 {[%emt 0:02:47]} Nc6 {[%emt 0:00:02]} 20. Qd2 {[%emt 0:00:20]} Qc7 {[%emt 0:02:28]} 21. g4 {[%emt 0:06:41]} h6 {[%emt 0:02:30]} 22. g5 {[%emt 0:05:26]} hxg5 {[%emt 0:01:16]} 23. fxg5 {[%emt 0:00:01]} Be5 {[%emt 0:05:00]} 24. h4 {[%emt 0:00:05]} Qa5 {[%emt 0:12:45]} 25. Kh1 {[%emt 0:09:39]} Rd7 {[%emt 0:02:02]} 26. Rg1 {[%emt 0:08:17]} Rbd8 {[%emt 0:03:25]} 27. Rdf1 {[%emt 0:09:22]} Nb4 {[%emt 0:07:22]} 28. h5 {[%emt 0:03:04]} d5 {[%emt 0:10:25]} 29. exd5 {[%emt 0:00:05]} exd5 {[%emt 0:00:04]} 30. Nxd5 {[%emt 0:00:22]} Ne6 {[%emt 0:02:47]} 31. g6 {[%emt 0:12:35]} fxg6 {[%emt 0:02:25]} 32. Nef4 {[%emt 0:03:56]} Bxf4 {[%emt 0:02:25]} 33. Bxf4 {[%emt 0:00:00]} Qxa2 {[%emt 0:01:29]} 34. Qxa2 {[%emt 0:06:01]} Nxa2 {[%emt 0:00:01]} 35. Bh3 {[%emt 0:01:09]} Nxf4 {[%emt 0:00:17]} 36. Rxf4 {[%emt 0:00:38]} Rd6 {[%emt 0:02:16]} 37. Rxg6 {[%emt 0:01:23]} Nb4 {[%emt 0:00:38]} 38. Kh2 {[%emt 0:00:51]} Nxd5 {[%emt 0:00:28]} 39. cxd5 {[%emt 0:00:17]} Bxd5 {[%emt 0:00:29]} 40. Rf5 {[%emt 0:00:24]} Bxb3 {[%emt 0:00:59]} 41. Rxc5 {[%emt 0:00:23]} Bf7 {[%emt 0:00:24]} 42. Rgg5 {[%emt 0:00:47]} Rd5 {[%emt 0:00:47]} 43. Bf1 {[%emt 0:00:29]} Rxg5 {[%emt 0:00:43]} 44. Rxg5 {[%emt 0:00:01]} Rd6 {[%emt 0:00:11]} 45. Ra5 {[%emt 0:00:11]} Rh6 {[%emt 0:00:18]} 46. Be2 {[%emt 0:00:09]} Bxh5 {[%emt 0:01:02]} 47. Rxh5 {[%emt 0:00:31]} Rxh5+ {[%emt 0:00:03]} 1/2-1/2

[Event "XXXIX Benasque Open 2019"]
[Site "Benasque"]
[Date "2019.07.06"]
[Round "3.7"]
[White "Martin Gonzalez, Angel"]
[Black "Bartel, Mateusz"]
[Result "0-1"]
[WhiteElo "2331"]
[BlackElo "2600"]
[Annotator "RC"]
[PlyCount "58"]
[EventDate "2019.07.04"]
[EventType "swiss"]
[EventCountry "ESP"]
[SourceTitle "playchess.com"]
[Source "ChessBase"]
[SourceQuality "1"]
[TimeControl "5400+30"]

1. e4 e5 {[%emt 0:00:00]} 2. Nf3 {[%emt 0:00:00]} Nc6 {[%emt 0:00:00]} 3. Bc4 {[%emt 0:00:28]} Nf6 {[%emt 0:00:00]} 4. Ng5 {[%emt 0:00:05]} d5 {[%emt 0:00:05]} 5. exd5 {[%emt 0:00:07]} Na5 {[%emt 0:00:06]} 6. Bb5+ {[%emt 0:00:09]} c6 {[%emt 0:00:07]} 7. dxc6 {[%emt 0:00:08]} bxc6 {[%emt 0:00:08]} 8. Bd3 {[%emt 0:00:08]} Nd5 {[%emt 0:00:49]} 9. Nf3 {[%emt 0:00:05]} Bd6 {[%emt 0:00:07]} 10. O-O {[%emt 0:01:10]} O-O {[%emt 0:00:08]} 11. Re1 {[%emt 0:00:57]} Re8 {[%emt 0:00:16]} 12. Nc3 {[%emt 0:00:56]} f5 {[%emt 0:01:39]} 13. Nxd5 {[%emt 0:02:31]} cxd5 {[%emt 0:00:04]} 14. Bb5 {[%emt 0:00:06]} Bd7 {[%emt 0:01:32]} 15. Bxd7 {[%emt 0:01:43]} Qxd7 {[%emt 0:00:34]} 16. d3 {[%emt 0:01:28]} Rad8 {[%emt 0:25:43]} 17. b4 {[%emt 0:13:09]} e4 {[%emt 0:13:14]} 18. bxa5 {[%emt 0:42:47]} exf3 {[%emt 0:00:38]} 19. Rxe8+ {[%emt 0:00:18]} Rxe8 {[%emt 0:10:48]} 20. Bb2 {[%emt 0:06:15]} Qe7 {[%emt 0:07:48]} 21. g3 {[%emt 0:01:02]} Qe2 {[%emt 0:01:08]} 22. Bd4 {[%emt 0:04:41]} a6 {[%emt 0:00:05]} 23. c4 {[%emt 0:04:30]} dxc4 {[%emt 0:05:26]} 24. dxc4 {[%emt 0:00:02]} Qxc4 {[%emt 0:00:19]} 25. Bxg7 {[%emt 0:06:01]} Bc5 {[%emt 0:03:16]} 26. Rc1 {[%emt 0:03:59]} Bxf2+ {[%emt 0:03:10]} 27. Kxf2 {[%emt 0:00:24]} Re2+ {[%emt 0:00:07]} 28. Kg1 {[%emt 0:00:09]} f2+ {[%emt 0:00:06]} 29. Kg2 {[%emt 0:00:15]} f1=R+ {[%emt 0:01:07]} 0-1

[Event "XXXIX Benasque Open 2019"]
[Site "Benasque"]
[Date "2019.07.06"]
[Round "3.8"]
[White "Markus, Robert"]
[Black "Urriza Iricibar, Pablo"]
[Result "1-0"]
[WhiteElo "2595"]
[BlackElo "2315"]
[Annotator "ChessBase"]
[PlyCount "89"]
[EventDate "2019.07.04"]
[EventType "swiss"]
[EventCountry "ESP"]
[SourceTitle "playchess.com"]
[Source "ChessBase"]
[SourceQuality "1"]
[TimeControl "5400+30"]

1. d4 {[%emt 0:00:00]} f5 {[%emt 0:00:11]} 2. Nc3 {[%emt 0:01:10]} Nf6 {[%emt 0:00:37]} 3. Bg5 {[%emt 0:00:08]} d5 {[%emt 0:00:47]} 4. e3 {[%emt 0:01:11]} e6 {[%emt 0:01:09]} 5. Nf3 {[%emt 0:00:09]} Nbd7 {[%emt 0:00:37]} 6. Bd3 {[%emt 0:04:55]} c5 {[%emt 0:01:48]} 7. dxc5 {[%emt 0:02:48]} Nxc5 {[%emt 0:00:40]} 8. O-O {[%emt 0:01:30]} a6 {[%emt 0:04:05]} 9. Ne2 {[%emt 0:03:37]} b5 {[%emt 0:02:12]} 10. Bf4 {[%emt 0:15:14]} Bd6 {[%emt 0:04:42]} 11. c3 {[%emt 0:03:16]} Qc7 {[%emt 0:16:29]} 12. Bxd6 {[%emt 0:01:42]} Qxd6 {[%emt 0:00:08]} 13. Bc2 {[%emt 0:00:04]} Bd7 {[%emt 0:01:07]} 14. Qd4 {[%emt 0:02:48]} O-O {[%emt 0:08:25]} 15. Ne5 {[%emt 0:00:27]} Be8 {[%emt 0:01:14]} 16. c4 {[%emt 0:10:24]} bxc4 {[%emt 0:10:51]} 17. Nxc4 {[%emt 0:00:10]} Qc7 {[%emt 0:01:33]} 18. Ne5 {[%emt 0:00:29]} Bb5 {[%emt 0:12:58]} 19. Rfc1 {[%emt 0:06:58]} Bxe2 {[%emt 0:03:33]} 20. Bd3 {[%emt 0:00:12]} Bxd3 {[%emt 0:09:20]} 21. Rxc5 {[%emt 0:03:18]} Qb7 {[%emt 0:06:59]} 22. Nxd3 {[%emt 0:00:33]} Nd7 {[%emt 0:00:31]} 23. Rc3 {[%emt 0:02:49]} Rfc8 {[%emt 0:00:42]} 24. Rac1 {[%emt 0:00:20]} Rxc3 {[%emt 0:05:08]} 25. Qxc3 {[%emt 0:01:05]} a5 {[%emt 0:01:44]} 26. b3 {[%emt 0:01:13]} Qb6 {[%emt 0:01:07]} 27. h3 {[%emt 0:03:40]} Qd6 {[%emt 0:01:32]} 28. Qc7 {[%emt 0:03:05]} Qxc7 {[%emt 0:01:10]} 29. Rxc7 {[%emt 0:00:06]} Nf6 {[%emt 0:00:48]} 30. Kf1 {[%emt 0:01:55]} Ne4 {[%emt 0:01:52]} 31. f3 {[%emt 0:02:28]} Nd6 {[%emt 0:00:49]} 32. Nf4 {[%emt 0:00:48]} a4 {[%emt 0:00:35]} 33. b4 {[%emt 0:02:27]} Nc4 {[%emt 0:00:29]} 34. Kf2 {[%emt 0:01:23]} Ra6 {[%emt 0:00:36]} 35. Nh5 {[%emt 0:00:43]} Rb6 {[%emt 0:00:24]} 36. Nxg7 {[%emt 0:01:42]} Kf8 {[%emt 0:00:36]} 37. f4 {[%emt 0:03:34]} h6 {[%emt 0:00:31]} 38. g4 {[%emt 0:00:33]} fxg4 {[%emt 0:00:15]} 39. hxg4 {[%emt 0:00:04]} a3 {[%emt 0:00:19]} 40. Ke2 {[%emt 0:01:44]} Rxb4 {[%emt 0:00:54]} 41. Nxe6+ {[%emt 0:00:05]} Ke8 {[%emt 0:00:11]} 42. f5 {[%emt 0:00:24]} Ne5 {[%emt 0:00:29]} 43. f6 {[%emt 0:01:10]} Rb2+ {[%emt 0:00:04]} 44. Kd1 {[%emt 0:01:36]} Nd7 {[%emt 0:01:05]} 45. Rxd7 {[%emt 0:00:24]} 1-0

[Event "XXXIX Benasque Open 2019"]
[Site "Benasque"]
[Date "2019.07.06"]
[Round "3.9"]
[White "Jimenez Ruano, Adrian"]
[Black "Rasmussen, Allan Stig"]
[Result "1/2-1/2"]
[WhiteElo "2323"]
[BlackElo "2569"]
[Annotator "ChessBase"]
[PlyCount "122"]
[EventDate "2019.07.04"]
[EventType "swiss"]
[EventCountry "ESP"]
[SourceTitle "playchess.com"]
[Source "ChessBase"]
[SourceQuality "1"]
[TimeControl "5400+30"]

1. d4 {[%emt 0:02:20]} Nf6 {[%emt 0:00:00]} 2. c4 {[%emt 0:00:17]} e6 {[%emt 0:00:00]} 3. Nc3 {[%emt 0:00:26]} Bb4 {[%emt 0:00:02]} 4. e3 {[%emt 0:00:05]} O-O {[%emt 0:00:10]} 5. Bd3 {[%emt 0:00:04]} d5 {[%emt 0:00:09]} 6. Nf3 {[%emt 0:00:47]} b6 {[%emt 0:01:17]} 7. O-O {[%emt 0:02:08]} Ba6 {[%emt 0:02:21]} 8. cxd5 {[%emt 0:00:06]} exd5 {[%emt 0:00:24]} 9. Bxa6 {[%emt 0:00:02]} Nxa6 {[%emt 0:00:11]} 10. Qa4 {[%emt 0:00:01]} Qc8 {[%emt 0:00:31]} 11. Bd2 {[%emt 0:00:02]} Be7 {[%emt 0:17:46]} 12. Ne5 {[%emt 0:08:43]} c5 {[%emt 0:03:27]} 13. f4 {[%emt 0:02:25]} Bd6 {[%emt 0:04:22]} 14. Be1 {[%emt 0:07:00]} Qb7 {[%emt 0:05:06]} 15. Bh4 {[%emt 0:02:33]} cxd4 {[%emt 0:05:47]} 16. exd4 {[%emt 0:02:36]} Ne4 {[%emt 0:00:22]} 17. Nxe4 {[%emt 0:02:34]} dxe4 {[%emt 0:00:42]} 18. Nc4 {[%emt 0:01:46]} Bb4 {[%emt 0:01:51]} 19. Qb5 {[%emt 0:01:44]} Rfc8 {[%emt 0:07:53]} 20. Rac1 {[%emt 0:06:21]} Bf8 {[%emt 0:03:59]} 21. a3 {[%emt 0:31:30]} Nc7 {[%emt 0:00:57]} 22. Qe5 {[%emt 0:00:47]} f6 {[%emt 0:03:29]} 23. Qh5 {[%emt 0:08:55]} Qd5 {[%emt 0:02:22]} 24. Qg4 {[%emt 0:11:04]} f5 {[%emt 0:09:10]} 25. Qh3 {[%emt 0:00:02]} Qxd4+ {[%emt 0:01:20]} 26. Bf2 {[%emt 0:02:05]} Qf6 {[%emt 0:01:31]} 27. Ne3 {[%emt 0:00:06]} Ne6 {[%emt 0:07:30]} 28. Rxc8 Rxc8 {[%emt 0:00:01]} 29. Nxf5 {[%emt 0:02:45]} Re8 {[%emt 0:03:13]} 30. Bh4 {[%emt 0:01:53]} Qxb2 {[%emt 0:01:02]} 31. Ne7+ {[%emt 0:00:33]} Bxe7 {[%emt 0:11:08]} 32. Qxe6+ {[%emt 0:00:02]} Kf8 {[%emt 0:00:15]} 33. Qf5+ {[%emt 0:00:24]} Bf6 {[%emt 0:00:03]} 34. Qxh7 {[%emt 0:02:06]} Qd4+ {[%emt 0:02:26]} 35. Kh1 {[%emt 0:00:46]} Bxh4 {[%emt 0:00:51]} 36. Qh8+ {[%emt 0:00:43]} Kf7 {[%emt 0:00:04]} 37. Qh5+ {[%emt 0:00:17]} g6 {[%emt 0:00:44]} 38. Qxh4 {[%emt 0:00:15]} e3 {[%emt 0:00:09]} 39. Rc1 {[%emt 0:01:22]} Re7 {[%emt 0:02:48]} 40. Qh7+ {[%emt 0:00:01]} Qg7 {[%emt 0:00:21]} 41. Qxg7+ {[%emt 0:01:27]} Kxg7 {[%emt 0:00:01]} 42. Kg1 {[%emt 0:00:10]} Kf6 {[%emt 0:00:51]} 43. Kf1 {[%emt 0:00:03]} Kf5 {[%emt 0:01:33]} 44. g3 {[%emt 0:00:57]} Kg4 {[%emt 0:01:23]} 45. Kg2 {[%emt 0:00:47]} Rd7 {[%emt 0:02:07]} 46. h3+ {[%emt 0:00:33]} Kf5 {[%emt 0:00:42]} 47. Kf3 {[%emt 0:00:27]} Rd3 {[%emt 0:00:03]} 48. g4+ {[%emt 0:00:11]} Ke6 {[%emt 0:00:57]} 49. Re1 Rxa3 {[%emt 0:00:03]} 50. Rxe3+ {[%emt 0:01:05]} Rxe3+ {[%emt 0:00:48]} 51. Kxe3 {[%emt 0:00:45]} a5 {[%emt 0:00:19]} 52. Kd4 b5 53. h4 {[%emt 0:01:14]} a4 {[%emt 0:00:39]} 54. h5 {[%emt 0:00:50]} gxh5 {[%emt 0:00:04]} 55. gxh5 {[%emt 0:00:01]} a3 {[%emt 0:00:34]} 56. Kc3 {[%emt 0:00:11]} b4+ {[%emt 0:00:05]} 57. Kb3 {[%emt 0:00:16]} Kf5 {[%emt 0:00:35]} 58. Ka2 {[%emt 0:00:33]} Kf6 {[%emt 0:00:27]} 59. Kb3 {[%emt 0:00:14]} Kf5 {[%emt 0:01:09]} 60. Ka2 {[%emt 0:00:09]} Kf6 {[%emt 0:00:13]} 61. Kb3 {[%emt 0:00:04]} Kf5 1/2-1/2

[Event "XXXIX Benasque Open 2019"]
[Site "Benasque"]
[Date "2019.07.06"]
[Round "3.10"]
[White "Forcen Esteban, Daniel"]
[Black "Mingarro Carceller, Sergi"]
[Result "0-1"]
[WhiteElo "2566"]
[BlackElo "2311"]
[Annotator "ChessBase"]
[PlyCount "42"]
[EventDate "2019.07.04"]
[EventType "swiss"]
[EventCountry "ESP"]
[SourceTitle "playchess.com"]
[Source "ChessBase"]
[SourceQuality "1"]
[TimeControl "5400+30"]

1. d4 {[%emt 0:00:00]} Nf6 {[%emt 0:01:48]} 2. Nf3 {[%emt 0:01:08]} d5 {[%emt 0:00:09]} 3. c4 {[%emt 0:00:24]} e6 {[%emt 0:00:08]} 4. Nc3 {[%emt 0:02:36]} Bb4 {[%emt 0:02:12]} 5. Bg5 {[%emt 0:04:05]} dxc4 {[%emt 0:01:38]} 6. e4 {[%emt 0:01:27]} c5 {[%emt 0:03:01]} 7. e5 {[%emt 0:02:18]} cxd4 {[%emt 0:06:31]} 8. Qa4+ {[%emt 0:03:41]} Nc6 {[%emt 0:00:34]} 9. O-O-O {[%emt 0:00:09]} Bd7 {[%emt 0:07:54]} 10. Ne4 {[%emt 0:04:08]} Be7 {[%emt 0:02:28]} 11. exf6 {[%emt 0:01:08]} gxf6 {[%emt 0:00:06]} 12. Bh4 {[%emt 0:00:08]} e5 {[%emt 0:06:53]} 13. Bxc4 {[%emt 0:27:26]} a6 {[%emt 0:10:24]} 14. Bd3 {[%emt 0:16:43]} Be6 {[%emt 0:10:12]} 15. Kd2 {[%emt 0:19:50]} b5 {[%emt 0:07:27]} 16. Bxb5 {[%emt 0:02:14]} axb5 {[%emt 0:00:27]} 17. Qxb5 {[%emt 0:00:07]} O-O {[%emt 0:02:57]} 18. Bxf6 {[%emt 0:07:07]} Bxf6 {[%emt 0:04:21]} 19. Qxc6 {[%emt 0:00:07]} Bg7 {[%emt 0:01:11]} 20. Nfg5 {[%emt 0:02:26]} Bd5 {[%emt 0:02:17]} 21. Qd6 {[%emt 0:01:01]} f6 {[%emt 0:06:00]} 0-1

[Event "XXXIX Benasque Open 2019"]
[Site "Benasque"]
[Date "2019.07.07"]
[Round "4.1"]
[White "Raja Harshit"]
[Black "Piorun, Kacper"]
[Result "1/2-1/2"]
[WhiteElo "2434"]
[BlackElo "2656"]
[Annotator "TA"]
[PlyCount "52"]
[EventDate "2019.07.04"]
[EventType "swiss"]
[EventCountry "ESP"]
[SourceTitle "playchess.com"]
[Source "ChessBase"]
[SourceQuality "1"]

{[%evp 13,52,39,51,22,22,20,26,23,27,16,36,28,26,14,20,29,38,41,46,14,41,42,47,50,40,36,27,30,74,69,83,2,6,6,4,6,4,0,6,0,0]} 1. e4 g6 2. d4 Bg7 3. Nc3 c6 4. Nf3 d6 5. a4 Bg4 6. Be2 Nf6 7. O-O O-O 8. Ng5 {B08: Pirc Defence: Classical System} Bxe2 9. Qxe2 e5 10. dxe5 {White has an edge.} dxe5 11. Rd1 $146 ({Predecessor:} 11. Nf3 Nh5 12. g3 Na6 13. Be3 Qe7 14. Qc4 Kh8 15. Rfe1 Nf6 {0-1 (55) Altshul,R (2130)-Andriasian,Z (2591) St Petersburg 2015}) 11... Qa5 12. Nf3 Na6 13. Bd2 Qc5 14. Be3 Qe7 15. Qc4 Rfe8 16. Rd2 h6 (16... Ng4 {is more complex.} 17. Bg5 Bf6 18. Bxf6 Nxf6 19. Rad1 Kg7) 17. Rad1 Qb4 18. Qxb4 Nxb4 19. Ne1 Ng4 20. Bc5 Bf8 21. Bxf8 Kxf8 22. Nd3 (22. Rd6 $16 {Black must now prevent h3.} Kg7 23. Ne2) 22... Nxd3 $11 {The position is equal.} 23. Rxd3 Nf6 $1 24. f3 Ke7 25. Kf2 Red8 26. Rxd8 Rxd8 {Accuracy: White = 43%, Black = 63%.} 1/2-1/2

[Event "XXXIX Benasque Open 2019"]
[Site "Benasque"]
[Date "2019.07.07"]
[Round "4.2"]
[White "Ter-Sahakyan, Samvel"]
[Black "Enchev, Ivajlo"]
[Result "1/2-1/2"]
[WhiteElo "2625"]
[BlackElo "2487"]
[Annotator "RC"]
[PlyCount "86"]
[EventDate "2019.07.04"]
[EventType "swiss"]
[EventCountry "ESP"]
[SourceTitle "playchess.com"]
[Source "ChessBase"]
[SourceQuality "1"]
[TimeControl "5400+30"]

1. e4 {[%emt 0:00:00]} e5 {[%emt 0:00:00]} 2. Nf3 {[%emt 0:00:00]} Nc6 {[%emt 0:00:00]} 3. Bb5 {[%emt 0:00:03]} a6 {[%emt 0:00:14]} 4. Ba4 {[%emt 0:00:05]} Nf6 {[%emt 0:01:15]} 5. O-O {[%emt 0:00:09]} Be7 {[%emt 0:00:23]} 6. Re1 {[%emt 0:00:11]} b5 {[%emt 0:00:20]} 7. Bb3 {[%emt 0:00:06]} d6 {[%emt 0:00:26]} 8. c3 {[%emt 0:00:09]} O-O {[%emt 0:00:32]} 9. h3 {[%emt 0:00:08]} Bb7 {[%emt 0:00:19]} 10. d4 {[%emt 0:00:09]} Re8 {[%emt 0:00:35]} 11. Nbd2 {[%emt 0:00:31]} Bf8 {[%emt 0:00:39]} 12. Bc2 {[%emt 0:07:43]} h6 {[%emt 0:00:56]} 13. d5 {[%emt 0:00:56]} Ne7 {[%emt 0:00:57]} 14. b3 {[%emt 0:00:24]} c6 {[%emt 0:00:03]} 15. c4 {[%emt 0:00:07]} cxd5 {[%emt 0:04:51]} 16. cxd5 {[%emt 0:00:06]} Nd7 {[%emt 0:01:54]} 17. Nf1 {[%emt 0:08:25]} f5 {[%emt 0:01:20]} 18. exf5 {[%emt 0:03:20]} Nxd5 {[%emt 0:01:31]} 19. Bd2 {[%emt 0:02:15]} Rc8 {[%emt 0:04:04]} 20. Ng3 {[%emt 0:03:51]} N7f6 {[%emt 0:01:56]} 21. Nh2 {[%emt 0:05:16]} Nc3 {[%emt 0:07:04]} 22. Bxc3 {[%emt 0:16:24]} Rxc3 {[%emt 0:01:33]} 23. Ne4 {[%emt 0:08:35]} Bxe4 {[%emt 0:13:07]} 24. Bxe4 {[%emt 0:00:27]} d5 {[%emt 0:00:00]} 25. Bf3 {[%emt 0:00:53]} e4 {[%emt 0:01:44]} 26. Bh5 {[%emt 0:00:26]} Re5 {[%emt 0:02:10]} 27. Bg6 {[%emt 0:04:27]} Bc5 {[%emt 0:00:49]} 28. Ng4 {[%emt 0:10:50]} Nxg4 {[%emt 0:00:43]} 29. Qxg4 {[%emt 0:00:08]} Qf6 {[%emt 0:04:19]} 30. Rad1 {[%emt 0:04:07]} Rc2 {[%emt 0:02:11]} 31. Kh1 {[%emt 0:02:53]} Bxf2 {[%emt 0:04:37]} 32. Rc1 {[%emt 0:00:58]} Rc6 {[%emt 0:08:04]} 33. Rxc6 {[%emt 0:15:29]} Qxc6 {[%emt 0:00:03]} 34. Qf4 {[%emt 0:00:04]} Bxe1 {[%emt 0:01:48]} 35. Qxe5 {[%emt 0:00:04]} Bb4 {[%emt 0:05:21]} 36. Be8 {[%emt 0:00:03]} Qd6 {[%emt 0:09:16]} 37. Qxd6 {[%emt 0:00:26]} Bxd6 {[%emt 0:00:02]} 38. Bc6 {[%emt 0:00:13]} e3 {[%emt 0:00:06]} 39. Bxd5+ {[%emt 0:00:02]} Kf8 {[%emt 0:00:05]} 40. Bf3 {[%emt 0:00:03]} Ke7 {[%emt 0:00:29]} 41. Kg1 {[%emt 0:00:13]} Kf6 {[%emt 0:00:17]} 42. Kf1 {[%emt 0:00:09]} Kxf5 {[%emt 0:00:38]} 43. a4 {[%emt 0:00:05]} Ke5 1/2-1/2

[Event "XXXIX Benasque Open 2019"]
[Site "Benasque"]
[Date "2019.07.07"]
[Round "4.3"]
[White "Indjic, Aleksandar"]
[Black "Pulvett Marin, Daniel Eduardo"]
[Result "1-0"]
[WhiteElo "2604"]
[BlackElo "2474"]
[Annotator "RC"]
[PlyCount "97"]
[EventDate "2019.07.04"]
[EventType "swiss"]
[EventCountry "ESP"]
[SourceTitle "playchess.com"]
[Source "ChessBase"]
[SourceQuality "1"]
[TimeControl "5400+30"]

1. d4 {[%emt 0:00:48]} Nf6 2. c4 g6 3. Nc3 Bg7 4. e4 d6 5. h3 O-O 6. Be3 Na6 7. Nf3 e5 8. d5 Nh5 9. a3 f5 10. Qc2 Nc5 11. Nd2 a5 12. O-O-O Bd7 13. Rg1 a4 14. Bxc5 dxc5 15. Bd3 Nf4 16. Kb1 Ra6 17. Ka2 Qe8 18. Bf1 Nh5 19. g3 Nf6 20. Bd3 Kh8 21. Rde1 Rb6 22. f3 f4 23. g4 Qe7 24. Nxa4 Ra6 25. Nc3 Ne8 26. Nb3 Bf6 27. g5 Bxg5 28. Nxc5 Qxc5 29. Rxg5 Nd6 30. h4 Rfa8 31. Nb1 Nf7 32. Rg2 Rg8 33. Qc3 Qe7 34. c5 Rf6 35. Nd2 g5 36. hxg5 Rxg5 37. Rxg5 Nxg5 38. Rh1 Nf7 39. Qa5 b6 40. Qa8+ Kg7 41. cxb6 Rxb6 42. Rc1 Be8 43. Qa7 Rg6 44. Rxc7 Qh4 45. Bb5 Bxb5 46. Rxf7+ Kg8 47. Rb7 Be8 48. Qb8 Kf8 49. Qxe5 1-0

[Event "XXXIX Benasque Open 2019"]
[Site "Benasque"]
[Date "2019.07.07"]
[Round "4.4"]
[White "Bartel, Mateusz"]
[Black "Campora, Daniel H."]
[Result "1/2-1/2"]
[WhiteElo "2600"]
[BlackElo "2420"]
[Annotator "RC"]
[PlyCount "79"]
[EventDate "2019.07.04"]
[EventType "swiss"]
[EventCountry "ESP"]
[SourceTitle "playchess.com"]
[Source "ChessBase"]
[SourceQuality "1"]
[TimeControl "5400+30"]

1. e4 {[%emt 0:00:00]} e5 {[%emt 0:00:00]} 2. Nf3 {[%emt 0:00:00]} Nc6 {[%emt 0:00:00]} 3. d4 {[%emt 0:00:00]} exd4 {[%emt 0:01:13]} 4. Nxd4 {[%emt 0:00:00]} Bc5 {[%emt 0:00:37]} 5. Nb3 {[%emt 0:00:00]} Bb6 {[%emt 0:00:22]} 6. Nc3 {[%emt 0:00:07]} Nf6 {[%emt 0:04:03]} 7. Qf3 {[%emt 0:01:10]} d6 {[%emt 0:02:56]} 8. Bg5 {[%emt 0:04:22]} Ne5 {[%emt 0:05:00]} 9. Qe2 {[%emt 0:00:34]} h6 {[%emt 0:02:41]} 10. Bxf6 {[%emt 0:08:12]} Qxf6 {[%emt 0:01:45]} 11. Nd5 {[%emt 0:00:09]} Qh4 {[%emt 0:07:18]} 12. g3 {[%emt 0:15:37]} Qd8 {[%emt 0:02:08]} 13. Bg2 {[%emt 0:01:23]} O-O {[%emt 0:02:18]} 14. O-O-O {[%emt 0:12:00]} c6 {[%emt 0:01:36]} 15. Ne3 {[%emt 0:00:03]} Re8 {[%emt 0:04:35]} 16. Rhe1 {[%emt 0:13:48]} Qf6 {[%emt 0:15:34]} 17. f4 {[%emt 0:02:48]} Bxe3+ {[%emt 0:01:28]} 18. Qxe3 {[%emt 0:00:02]} Nc4 {[%emt 0:01:01]} 19. Qd4 {[%emt 0:00:08]} Qxd4 {[%emt 0:02:44]} 20. Nxd4 {[%emt 0:04:36]} Bg4 {[%emt 0:08:00]} 21. Rd3 {[%emt 0:03:12]} d5 {[%emt 0:07:18]} 22. e5 {[%emt 0:00:13]} Rad8 {[%emt 0:01:38]} 23. h3 {[%emt 0:04:41]} Bc8 {[%emt 0:00:05]} 24. b3 {[%emt 0:04:18]} Nb6 {[%emt 0:06:27]} 25. g4 {[%emt 0:00:25]} g6 {[%emt 0:02:27]} 26. a4 {[%emt 0:03:21]} a5 {[%emt 0:03:51]} 27. Rde3 {[%emt 0:00:34]} Na8 {[%emt 0:03:14]} 28. f5 {[%emt 0:05:38]} Nc7 {[%emt 0:00:50]} 29. Rf3 {[%emt 0:02:05]} Re7 {[%emt 0:02:20]} 30. Rf2 {[%emt 0:07:37]} Rde8 {[%emt 0:03:06]} 31. Rfe2 {[%emt 0:00:02]} Rd8 {[%emt 0:00:15]} 32. Kb2 {[%emt 0:06:10]} c5 {[%emt 0:01:40]} 33. f6 {[%emt 0:00:02]} Ree8 {[%emt 0:00:57]} 34. Nb5 {[%emt 0:00:04]} Nxb5 {[%emt 0:01:06]} 35. axb5 {[%emt 0:00:01]} b6 {[%emt 0:02:17]} 36. c3 {[%emt 0:00:02]} Be6 {[%emt 0:00:12]} 37. Rd2 {[%emt 0:00:06]} Rd7 {[%emt 0:00:25]} 38. Bf3 {[%emt 0:00:02]} Red8 {[%emt 0:00:43]} 39. Ra1 {[%emt 0:00:51]} d4 {[%emt 0:01:05]} 40. c4 {[%emt 0:00:02]} 1/2-1/2

[Event "XXXIX Benasque Open 2019"]
[Site "Benasque"]
[Date "2019.07.07"]
[Round "4.5"]
[White "Alvarado Diaz, Alejandro"]
[Black "Markus, Robert"]
[Result "1/2-1/2"]
[WhiteElo "2391"]
[BlackElo "2595"]
[Annotator "ChessBase"]
[PlyCount "54"]
[EventDate "2019.07.04"]
[EventType "swiss"]
[EventCountry "ESP"]
[SourceTitle "playchess.com"]
[Source "ChessBase"]
[SourceQuality "1"]
[TimeControl "5400+30"]

1. Nf3 {[%emt 0:04:00]} Nf6 {[%emt 0:00:00]} 2. d4 {[%emt 0:00:32]} d6 {[%emt 0:00:03]} 3. g3 {[%emt 0:02:13]} g6 {[%emt 0:00:11]} 4. b3 {[%emt 0:00:48]} c5 {[%emt 0:04:30]} 5. e3 {[%emt 0:04:35]} Bg7 {[%emt 0:04:45]} 6. Bg2 {[%emt 0:02:21]} O-O {[%emt 0:00:14]} 7. O-O {[%emt 0:01:04]} Nc6 {[%emt 0:01:12]} 8. Bb2 {[%emt 0:06:08]} cxd4 {[%emt 0:00:32]} 9. exd4 {[%emt 0:00:12]} d5 {[%emt 0:00:12]} 10. Ne5 {[%emt 0:02:06]} Bf5 {[%emt 0:00:55]} 11. Nxc6 {[%emt 0:06:13]} bxc6 {[%emt 0:00:08]} 12. Nd2 {[%emt 0:00:24]} Rc8 {[%emt 0:05:04]} 13. Re1 {[%emt 0:01:21]} Bg4 {[%emt 0:00:57]} 14. Qc1 {[%emt 0:03:07]} Qd7 {[%emt 0:01:39]} 15. Nf3 {[%emt 0:03:04]} Bxf3 {[%emt 0:01:30]} 16. Bxf3 {[%emt 0:00:04]} e6 {[%emt 0:00:24]} 17. Be2 {[%emt 0:10:01]} Qb7 {[%emt 0:05:03]} 18. Bd3 {[%emt 0:01:02]} Nd7 {[%emt 0:00:41]} 19. c4 {[%emt 0:01:46]} dxc4 {[%emt 0:03:25]} 20. Bxc4 {[%emt 0:01:55]} Rfd8 {[%emt 0:00:30]} 21. Qc2 {[%emt 0:02:36]} Nb6 {[%emt 0:01:51]} 22. Red1 {[%emt 0:04:37]} c5 {[%emt 0:24:27]} 23. dxc5 {[%emt 0:07:03]} Bxb2 {[%emt 0:00:07]} 24. Rxd8+ {[%emt 0:00:27]} Rxd8 {[%emt 0:00:05]} 25. Qxb2 {[%emt 0:00:04]} Nxc4 {[%emt 0:00:07]} 26. Qf6 {[%emt 0:00:14]} Qd7 {[%emt 0:04:07]} 27. bxc4 {[%emt 0:02:12]} Rc8 {[%emt 0:03:14]} 1/2-1/2